Annual review of the RICS Education Trust 2007 (Record no. 119339)
[ view plain ]
| 000 -LEADER | |
|---|---|
| fixed length control field | 02025cas a22001935a 4500 |
| 001 - CONTROL NUMBER | |
| control field | L153490 |
| 008 - FIXED-LENGTH DATA ELEMENTS--GENERAL INFORMATION | |
| fixed length control field | 110802c2007 xxkar eng u |
| 035 ## - SYSTEM CONTROL NUMBER | |
| System control number | (Sirsi) u153490 |
| 041 0# - LANGUAGE CODE | |
| Language code of text/sound track or separate title | eng |
| 110 2# - MAIN ENTRY--CORPORATE NAME | |
| Corporate name or jurisdiction name as entry element | Royal Institution of Chartered Surveyors |
| Subordinate unit | Education Trust |
| 9 (RLIN) | 47 |
| 245 00 - TITLE STATEMENT | |
| Title | Annual review of the RICS Education Trust 2007 |
| 260 ## - PUBLICATION, DISTRIBUTION, ETC. | |
| Place of publication, distribution, etc. | London |
| Name of publisher, distributor, etc. | RICS |
| Date of publication, distribution, etc. | 2007 |
| 505 2# - FORMATTED CONTENTS NOTE | |
| Formatted contents note | Impact of peripheral urban land acquisition on indigenous communities? livelihoods and environmental around Uluguro Mountains, Morogoro, Tanzania -- Permanent and transitory components in local housing market dynamics -- Impact of Special Economic Zones on real estate markets, urban form and urban policy in India: a case study of Hyderabad -- Urban revitalisation in Chinese cities -- Opportunities and the administration structures of the Chinese construction market -- Project cost estimation and why it fails in project management -- Investigating the impact of social and economic reforms on construction cost management systems in China -- Discovering property policy - a pilot study -- Addressing housing poverty for low-income groups by developing pro-poor tools -- Private governments? impacts on house value -- The application of GIS to analyse occupier chains and property market filtering -- Defining property rights in the contemporary urban commons: a case study of Darling Harbour, Sydney -- An overview of and the prospects of Ghana's real estate market -- Urban farming - a sustainable solution to reduce solid waste problems in Dar es Salaam City, Tanzania -- Integrating automated valuation models (AVMs) with valuation services to meet the needs of borrowers, lenders and RICS members -- Analysis of Australian fire and rescue service provision |
| 520 ## - SUMMARY, ETC. | |
| Summary, etc. | Annual reports of the RICS Education Trust. |
| 651 #4 - SUBJECT ADDED ENTRY--GEOGRAPHIC NAME | |
| Geographic name | International |
| 690 ## - LOCAL SUBJECT ADDED ENTRY--TOPICAL TERM (OCLC, RLIN) | |
| Topical term or geographic name as entry element | ABOUT RICS |
| 856 40 - ELECTRONIC LOCATION AND ACCESS | |
| Uniform Resource Identifier | <a href="https://www.rics.org/Global/Downloads/2007_Education_Trust_Annual_Review.pdf">https://www.rics.org/Global/Downloads/2007_Education_Trust_Annual_Review.pdf</a> |
| Public note | View the annual reports free of charge at www.rics.org |
| 942 ## - ADDED ENTRY ELEMENTS (KOHA) | |
| Suppress in OPAC | 0 |
| Withdrawn status | Lost status | Source of classification or shelving scheme | Damaged status | Not for loan | Home library | Current library | Shelving location | Date acquired | Total Checkouts | Full call number | Barcode | Date last seen | Copy number | Price effective from | Koha item type |
|---|---|---|---|---|---|---|---|---|---|---|---|---|---|---|---|
| Dewey Decimal Classification | London | London | RICS Boxes | 16/03/2016 | RICS 2007/82 | 30078855 | 06/08/2019 | 1 | 06/08/2019 | Book |